| 000 | 00379nam a2200157Ia 4500 | ||
|---|---|---|---|
| 008 | 210210b1930 xxu||||| |||| 00| 0 eng d | ||
| 041 | _aeng | ||
| 082 | _a821/255 | ||
| 100 | _aGORDON (R K) | ||
| 245 | _aAnglo-saxon poetry | ||
| 260 |
_aLondon _bJ M Dent and Sons Ltd. _c1930 |
||
| 650 | _apoetry | ||
| 650 | _aAnglo-saxon | ||
| 690 | _aEnglish Literature | ||
| 906 | _a011424 | ||
| 999 |
_c130101 _d130101 |
||